| 000 | 00610nam a2200205Ia 4500 | ||
|---|---|---|---|
| 005 | 20250508163326.0 | ||
| 008 | 008 250505s9999 xx 000 0 eng d | ||
| 020 | _a0-471-90374-4 | ||
| 037 | _aTextual | ||
| 040 |
_aFEDL _beng _cFEDL |
||
| 041 |
_aeng _2eng |
||
| 084 |
_a401.9, BAR _qFEDL |
||
| 100 |
_aBarrett Martyn D Ed. _9775121 |
||
| 245 | 0 | _aChildren's single-word speech | |
| 260 |
_aChicago, USA _bJohn Wiley and Sons _c1985 |
||
| 300 | _axiii,325p. | ||
| 490 | _aWiley in developmental psychology and its applications | ||
| 942 |
_cTEXL _h401.9, BAR |
||
| 999 |
_c1382332 _d1382332 |
||